Elementary Differential Equations With Application / (Record no. 181510)
[ view plain ]
| 000 -LEADER | |
|---|---|
| fixed length control field | 01104 a2200205 4500 |
| 003 - CONTROL NUMBER IDENTIFIER | |
| control field | NUST |
| 005 - DATE AND TIME OF LATEST TRANSACTION | |
| control field | 20230706103630.0 |
| 020 ## - INTERNATIONAL STANDARD BOOK NUMBER | |
| International Standard Book Number | 020101470X |
| 040 ## - CATALOGING SOURCE | |
| Transcribing agency | Nust |
| 082 ## - DEWEY DECIMAL CLASSIFICATION NUMBER | |
| Classification number | 515.35,DER |
| 100 ## - MAIN ENTRY--PERSONAL NAME | |
| Personal name | Derrick, Willim R |
| 9 (RLIN) | 113406 |
| 110 ## - MAIN ENTRY--CORPORATE NAME | |
| Corporate name or jurisdiction name as entry element | Stanley I Grossman |
| 9 (RLIN) | 113407 |
| 245 ## - TITLE STATEMENT | |
| Title | Elementary Differential Equations With Application / |
| Statement of responsibility, etc. | Willim R Derrick |
| 260 ## - PUBLICATION, DISTRIBUTION, ETC. | |
| Place of publication, distribution, etc. | London |
| Name of publisher, distributor, etc. | Addison Wesely |
| Date of publication, distribution, etc. | 1978 |
| 300 ## - PHYSICAL DESCRIPTION | |
| Extent | 537 ,I-6 p.; |
| 505 ## - FORMATTED CONTENTS NOTE | |
| Formatted contents note | Introduction (Page-2), First Order Equations (Page-20), Linear Second Order Differential Equations (Page-72), Linear Second Order Difference Equations (Page-128), Power Series Solutions Of Differential Equations (Page-160), Laplace Transforms (Page-214), Elementary Sys Of Differential Equations (Page-256), Numerical Methods (Page-338), Fourier Series And Boundary Value Problems (Page-370), Partial Differential Equations (Page-424), The Existence And Uniqueness Of Solutions (Page-470), Nonlinear Equations And Stability (Page-492). |
| 600 ## - SUBJECT ADDED ENTRY--PERSONAL NAME | |
| Personal name | William R. Derrick |
| 9 (RLIN) | 113408 |
| 650 ## - SUBJECT ADDED ENTRY--TOPICAL TERM | |
| Topical term or geographic name entry element | Elementary Differential |
| 9 (RLIN) | 113409 |
| 942 ## - ADDED ENTRY ELEMENTS (KOHA) | |
| Source of classification or shelving scheme | |
| Koha item type | Book |
| Call number prefix | 515.35,DER |
| Withdrawn status | Lost status | Source of classification or shelving scheme | Damaged status | Not for loan | Permanent Location | Current Location | Shelving location | Date acquired | Full call number | Barcode | Date last seen | Price effective from | Koha item type | Public note |
|---|---|---|---|---|---|---|---|---|---|---|---|---|---|---|
| Military College of Signals (MCS) | Military College of Signals (MCS) | General Stacks | 12/12/2016 | 515.35,DER | MCS5812 | 12/08/2016 | 12/12/2016 | Book | Almirah No.82, Shelf No.4 |
